Villes ayant accueilli les COP (conférences climat) sur une carte - Statistiques

Statistiques générales
  • Ce quiz a été pris 353 fois
  • Le résultat moyen est 15 sur 24
Réponses sur la Carte
Les réponses sont colorées sur une échelle allant du rouge au vert en fonction du pourcentage des utilisateurs qui les ont devinées à leur premier essai. Vous pouvez retrouver ces pourcentages ci-dessous.
 
Statistiques - réponses
Année Numéro Ville hôte % Correct
2015 COP21 Paris
100%
2019 COP25 Madrid
94%
1995 COP1 Berlin
88%
2003 COP9 Milan
84%
2009 COP15 Copenhague
83%
2014 COP20 Lima
82%
1998 COP4 Buenos Aires
81%
1996 COP2 Genève
81%
2005 COP11 Montréal
79%
2002 COP8 New Delhi
79%
2013 COP19 Varsovie
78%
2021 COP26 Glasgow
75%
2016 COP22 Marrakech
74%
1997 COP3 Kyoto
70%
2012 COP18 Doha
68%
2006 COP12 Nairobi
55%
2000 COP6 La Haye
54%
2010 COP16 Cancún
50%
2007 COP13 Bali
37%
2011 COP17 Durban
32%
2008 COP14 Poznań
17%
1999 COP5 Bonn
16%
2018 COP24 Katowice
14%
2022 COP27 Charm el-Cheikh
11%
Aucun quiz correspondant
Distribution des résultats
% des personnes avec chaque résultat
Percentile par nombre de réponses
Votre historique - résultats
Vous n’avez pas pris ce quiz